<?xml version="1.0" encoding="UTF-8"?>
<record
    xmlns:xsi="http://www.w3.org/2001/XMLSchema-instance"
    xsi:schemaLocation="http://www.loc.gov/MARC21/slim http://www.loc.gov/standards/marcxml/schema/MARC21slim.xsd"
    xmlns="http://www.loc.gov/MARC21/slim">

  <leader>00731nam a2200241 a 4500</leader>
  <controlfield tag="001">86487</controlfield>
  <controlfield tag="003">BD-RjUL</controlfield>
  <controlfield tag="005">20260518144931.0</controlfield>
  <controlfield tag="008">260517s1896    enk           000 1 eng d</controlfield>
  <datafield tag="035" ind1=" " ind2=" ">
    <subfield code="a">(BD-RjUL)86487</subfield>
  </datafield>
  <datafield tag="040" ind1=" " ind2=" ">
    <subfield code="a">BD-RjUL</subfield>
    <subfield code="b">eng</subfield>
    <subfield code="c">BD-RjUL</subfield>
    <subfield code="d">BD-RjUL</subfield>
  </datafield>
  <datafield tag="041" ind1="1" ind2=" ">
    <subfield code="a">eng</subfield>
    <subfield code="h">fre</subfield>
  </datafield>
  <datafield tag="082" ind1=" " ind2=" ">
    <subfield code="2">23</subfield>
    <subfield code="a">843.7</subfield>
    <subfield code="b">BAP 1896</subfield>
  </datafield>
  <datafield tag="100" ind1="1" ind2=" ">
    <subfield code="a">Balzac, Honor&#xE9; de,</subfield>
    <subfield code="d">1799-1850.</subfield>
    <subfield code="9">74703</subfield>
  </datafield>
  <datafield tag="245" ind1="1" ind2="4">
    <subfield code="a">The poor relations :</subfield>
    <subfield code="b">first episode /</subfield>
    <subfield code="c">by Honor&#xE9; de Balzac</subfield>
  </datafield>
  <datafield tag="250" ind1=" " ind2=" ">
    <subfield code="a">Caxton ed.</subfield>
  </datafield>
  <datafield tag="260" ind1=" " ind2=" ">
    <subfield code="a">London :</subfield>
    <subfield code="b">Caxton Publishing Company,</subfield>
    <subfield code="c">1896.</subfield>
  </datafield>
  <datafield tag="300" ind1=" " ind2=" ">
    <subfield code="a">v. :</subfield>
    <subfield code="b">ill. ;</subfield>
    <subfield code="c">22 cm</subfield>
  </datafield>
  <datafield tag="500" ind1=" " ind2=" ">
    <subfield code="a">Translated from the French</subfield>
  </datafield>
  <datafield tag="505" ind1="0" ind2="1">
    <subfield code="a">Vol.1--Vol.2--</subfield>
  </datafield>
  <datafield tag="650" ind1=" " ind2="0">
    <subfield code="a">French fiction</subfield>
    <subfield code="x">Translations into English</subfield>
    <subfield code="9">64311</subfield>
  </datafield>
  <datafield tag="942" ind1=" " ind2=" ">
    <subfield code="2">ddc</subfield>
    <subfield code="c">BK</subfield>
  </datafield>
  <datafield tag="999" ind1=" " ind2=" ">
    <subfield code="c">86487</subfield>
    <subfield code="d">86487</subfield>
  </datafield>
  <datafield tag="952" ind1=" " ind2=" ">
    <subfield code="0">0</subfield>
    <subfield code="1">0</subfield>
    <subfield code="2">ddc</subfield>
    <subfield code="4">0</subfield>
    <subfield code="7">1</subfield>
    <subfield code="8">FIC</subfield>
    <subfield code="a">RUCL</subfield>
    <subfield code="b">RUCL</subfield>
    <subfield code="c">Reading</subfield>
    <subfield code="d">1956-11-20</subfield>
    <subfield code="e">B.H. Black Well</subfield>
    <subfield code="g">10.10</subfield>
    <subfield code="l">0</subfield>
    <subfield code="o">843.7 BAP V-1 1896</subfield>
    <subfield code="r">2026-05-17 11:18:54</subfield>
    <subfield code="t">C-1</subfield>
    <subfield code="w">2026-05-17</subfield>
    <subfield code="y">BK</subfield>
  </datafield>
  <datafield tag="952" ind1=" " ind2=" ">
    <subfield code="0">0</subfield>
    <subfield code="1">0</subfield>
    <subfield code="2">ddc</subfield>
    <subfield code="4">0</subfield>
    <subfield code="7">1</subfield>
    <subfield code="8">FIC</subfield>
    <subfield code="a">RUCL</subfield>
    <subfield code="b">RUCL</subfield>
    <subfield code="c">Reading</subfield>
    <subfield code="d">1956-11-20</subfield>
    <subfield code="e">B.H. Black Well</subfield>
    <subfield code="g">10.10</subfield>
    <subfield code="l">0</subfield>
    <subfield code="o">843.7 BAP V-2 1896</subfield>
    <subfield code="r">2026-05-18 14:52:00</subfield>
    <subfield code="t">C-1</subfield>
    <subfield code="w">2026-05-18</subfield>
    <subfield code="y">BK</subfield>
  </datafield>
</record>
